000 00670nam a2200241Ia 4500
003 OSt
005 20220918211128.0
006 a|||||r|||| 00| 0
007 ta
008 220917b |||||||| |||| 00| 0 eng d
024 _a123,433
037 _cTextual
040 _aARTS
_cARTS
_beng
041 _2eng
_aeng
082 _aV1:19(zB), J7;L9
100 _aSaton Ernest Mason
_9120076
245 0 _aGuide to diplomatic practice ed by Lord Gore-Booth
260 _aLondon
_bLongman
_c1979
300 _axix, 544p.
_ccm.
650 _aPOLITICAL SCIENCE
942 _hV1:19(zB), J7;L9
_cTEXL
_2CC
999 _c246622
_d246622